Комплексная реабилитация детей-инвалидов с заболеваниями крови и онкогематологией (Запись № 996500)

Подробности
000 -МАРКЕР
контрольное поле 02343nam0a2200349 4500
001 - ИДЕНТИФИКАТОР ЗАПИСИ
контрольное поле RU\NLR\bibl\478523
005 - ИДЕНТИФИКАТОР ВЕРСИИ
контрольное поле 20260407092750.0
010 ## - МЕЖДУНАРОДНЫЙ СТАНДАРТНЫЙ НОМЕР КНИГИ (ISBN)
Номер (ISBN) 5-86761-062-4
Тираж 600
035 ## - ДРУГИЕ СИСТЕМНЫЕ НОМЕРА
Идентификатор записи (NLR Aleph) 000471482
100 ## - ДАННЫЕ ОБЩЕЙ ОБРАБОТКИ
Данные общей обработки 20040109d2003 |||y0rusy50 ca
101 0# - ЯЗЫК РЕСУРСА
Язык текста, звукозаписи и т.д. русский
102 ## - СТРАНА ПУБЛИКАЦИИ ИЛИ ПРОИЗВОДСТВА
Страна публикации Российская Федерация
105 ## - ПОЛЕ КОДИРОВАННЫХ ДАННЫХ: ТЕКСТОВЫЕ МАТЕРИАЛЫ, МОНОГРАФИЧЕСКИЕ
Кодированные данные о монографическом текстовом документе y |||||||||
200 1# - ЗАГЛАВИЕ И СВЕДЕНИЯ ОБ ОТВЕТСТВЕННОСТИ
Основное заглавие Комплексная реабилитация детей-инвалидов с заболеваниями крови и онкогематологией
Сведения, относящиеся к заглавию Метод. рекомендации
Первые сведения об ответственности Администрация Санкт-Петербурга. Ком. по труду и социал. защите населения и др.
Последующие сведения об ответственности [С.И. Капица и др.]
210 ## - ПУБЛИКАЦИЯ, РАСПРОСТРАНЕНИЕ И ДР.
Место издания, распространения и т.д. СПб.
Имя издателя, распространителя и т. д. Прана
Дата издания, распространения и т.д. 2003
215 ## - ФИЗИЧЕСКАЯ ХАРАКТЕРИСТИКА
Специфическое обозначение материала и объем 207 с.
Размеры 22
300 ## - ОБЩИЕ ПРИМЕЧАНИЯ
Текст примечания В надзаг. также: Негос. образоват. учреждение высш. проф. образования "Ин-т социал.-психол. менеджмента", Целевая мед.-социал. прогр. Санкт-Петербурга "Дети-инвалиды"
320 ## - ПРИМЕЧАНИЯ О НАЛИЧИИ В ДОКУМЕНТЕ БИБЛИОГРАФИИ / УКАЗАТЕЛЯ
Текст примечания Библиогр.: с. 202-205 (57назв.)
606 0# - НАИМЕНОВАНИЕ ТЕМЫ КАК ПРЕДМЕТ
Наименование темы Кровь
Формальный подзаголовок Методические пособия
Тематический подзаголовок Болезни у детей-инвалидов
-- Реабилилитация больных
Системный номер авторитетной/нормативной записи 2315814
Идентификатор авторитетной/нормативной записи RU\NLR\auth\661385704
606 0# - НАИМЕНОВАНИЕ ТЕМЫ КАК ПРЕДМЕТ
Наименование темы Онкогематологические болезни у детей-инвалидов
Формальный подзаголовок Методические пособия
Тематический подзаголовок Реабилитация больных
Системный номер авторитетной/нормативной записи 2315816
Идентификатор авторитетной/нормативной записи RU\NLR\auth\661385706
606 0# - НАИМЕНОВАНИЕ ТЕМЫ КАК ПРЕДМЕТ
Наименование темы Онкогематологические болезни детей-инвалидов
Формальный подзаголовок Методические пособия
Тематический подзаголовок Реабилитация больных
Системный номер авторитетной/нормативной записи 2315815
Идентификатор авторитетной/нормативной записи RU\NLR\auth\661385705
606 0# - НАИМЕНОВАНИЕ ТЕМЫ КАК ПРЕДМЕТ
Наименование темы Дети-инвалиды
Формальный подзаголовок Методические пособия
Тематический подзаголовок Воспитание и обучение
Системный номер авторитетной/нормативной записи 2057714
Идентификатор авторитетной/нормативной записи RU\NLR\auth\661233828
686 ## - ИНДЕКСЫ ДРУГИХ КЛАССИФИКАЦИЙ
Индекс Р11(2)442.97я8
686 ## - ИНДЕКСЫ ДРУГИХ КЛАССИФИКАЦИЙ
Индекс Ч430.1
702 #1 - ИМЯ ЛИЦА - ВТОРИЧНАЯ ОТВЕТСТВЕННОСТЬ
Начальный элемент ввода Капица
Часть имени, кроме начального элемента ввода С. И.
Код отношения Составитель
712 01 - НАИМЕНОВАНИЕ ОРГАНИЗАЦИИ - ВТОРИЧНАЯ ОТВЕТСТВЕННОСТЬ
Код отношения Прочие
Начальный элемент ввода Санкт-Петербург
Структурное подразделение Комитет по труду и социальной защите населения
Идентификатор авторитетной/нормативной записи RU\NLR\AUTH\8810050713
Системный номер авторитетной/нормативной записи 601603
801 #0 - ИСТОЧНИК ЗАПИСИ
Страна Российская Федерация
Организация NLR
Дата составления 20040109
Правила каталогизации PSBO
801 #1 - ИСТОЧНИК ЗАПИСИ
Страна Российская Федерация
Организация NLR
Дата составления 20040109
942 ## - ДОПОЛНИТЕЛЬНЫЕ ЭЛЕМЕНТЫ ЗАПИСИ (АБИС)
Тип экземпляра АБИС Книга
980 ## - КОЛЛЕКЦИЯ
Название коллекции Национальная библиография
Экземпляры
Тип экземпляра Дата поступления Источник поступления Библиотека постоянного хранения Библиотека текущего хранения Место хранения Шифр хранения Штрих-код Статус экземпляра
Книга 09.01.2004 Дар РНБ (Московский) РНБ (Московский) Русский книжный фонд: издания с 1957 года 2004-5/114 616228  
Книга 13.01.2004 Дар РНБ (Садовая) РНБ (Садовая) Фонд научного зала литературы по биологии и медицине М2 Р11(2)44/К-637 1-245086